| 000 | 00456 a2200169 4500 | ||
|---|---|---|---|
| 003 | Nust | ||
| 005 | 20170207153352.0 | ||
| 040 | _cNust | ||
| 082 | _a005.1 | ||
| 100 | _aArshad , NC Junaid BESE-04 | ||
| 245 |
_aFrom builder for doument management system (Hard / Softcopy) _cNC Junaid Arshad & NC Wasin Imran BESE-04 |
||
| 260 |
_bMCS _cMay 2002 |
||
| 300 | _a150 p | ||
| 538 | _aAlmirah No 71 Shelf No 3 | ||
| 650 | _aUG Projects | ||
| 651 | _aUG CS Projects | ||
| 942 | _cTHS | ||
| 999 |
_c184606 _d184606 |
||